000 00607nam a2200169Ia 4500
005 20250508153420.0
008 008 250505s9999 xx 000 0 eng d
037 _aBooks to be hide in OPAC
040 _aFEDL
_beng
_cFEDL
041 _aeng
_2eng
084 _a610, UNI/O
_qFEDL
245 0 _aProceedings 1960 annual conference of the surgeon general, public health service and the chief, children's bureau with state and territorial health officers
245 0 _cU S Department of Health, Education, and Welfare
300 _a56p.
942 _cHB
_h610, UNI/O
999 _c1342705
_d1342705